| 000 | 02661cam a22002414a 4500 | ||
|---|---|---|---|
| 005 | 20250605164107.0 | ||
| 008 | 250528s ||||||||||||||||||||||||d | ||
| 035 | _a17764 | ||
| 020 | _a9789607875815 | ||
| 040 |
_aGR-AtMCL _bgre _dGR-AtMCL _eAACR2 |
||
| 245 | 1 | _aΠαθολογική - Χειρουργική Νοσηλευτική / Κριτική Σκέψη κατά τη Φροντίδα του Ασθενούς: Πέμπτη Έκδοση - Τόμος Α' | |
| 250 | _a5η | ||
| 260 |
_bΙατρικές Εκδόσεις - Λαγός Δημήτριος, _c2011 |
||
| 300 | _a1066 | ||
| 520 | _aΠαθολογική - Χειρουργική Νοσηλευτική Πρακτική, Αντικείμενο της Παθολογικής - Χειρουργικής Νοσηλευτικής, Υγεία και Ασθένεια στους Ενήλικες, Κοινοτική και Κατ'Οίκον Φροντίδα στους Ενήλικες, Αλλαγές στα Πρότυπα Υγείας, Νοσηλευτική Φροντίδα Ασθενών που Υποβάλλονται σε Χειρουργική Επέμβαση, Νοσηλευτική Φροντίδα Ασθενών που Βιώνουν Απώλεια και Θρήνο και Θάνατο, Νοσηλευτική Φροντίδα Ασθενών με Προβλήματα Κατάχρησης Ουσιών, Νοσηλευτική Φροντίδα Ασθενών που Βιώνουν Καταστροφές, Παθοφυσιολογία και Πρότυπα Υγείας, Ο Ρόλος της Γενετικής στη Νοσηλευτική Φροντίδα Ενηλίκων, Νοσηλευτική Φροντίδα Ασθενών με Πόνο, Νοσηλευτική Φροντίδα του Τραυματία και του Ασθενούς σε Shock, Νοσηλευτική Φροντίδα Ασθενών με Καρκίνο, Θρέψη - Μεταβολισμός, Αντιδράσεις στις Διαταραχές της Δομής και της Λειτουργίας του Καλυπτηρίου Συστήματος, Αντιδράσεις στις Διαταραχές Ενδοκρινικής Λειτουργίας, Αντιδράσεις στις Διαταραχές της Γαστρεντερικής Λειτουργίας, Αποβολή Ούρων, Αντιδράσεις στις Διαταραχές Ούρησης. | ||
| 700 | 1 |
_aBauldoff Gerene _93991 |
|
| 700 | 1 |
_aBurke Karen _93992 |
|
| 700 | 1 |
_aLemone Priscilla _93993 |
|
| 700 | 1 |
_aΠανανουδάκη-Μροκολάκη Ηρώ _93994 |
|
| 942 | _cBK | ||
| 999 |
_c3164 _d3164 |
||